000
00305nam a2200121Ia 4500
008
190216s9999||||xx |||||||||||||| ||und||
100
_a
"Dayal P, Verma Mp & Pandey Sm"
245
0
_a
Heat And Thermodynamics
260
_b
Rchand And Company
_c
1975
300
_a
386p
650
_a
Physics
942
_c
BK
999
_c
33026
_d
33026